| 000 | 00778cam a2200241 a 4500 | ||
|---|---|---|---|
| 008 | |||
| 020 | _a0442019165 (hbk.) | ||
| 049 | _aMAIN | ||
| 090 |
_aREF TD196.073 _bVER |
||
| 245 | 0 | 0 |
_aHandbook of environmental data on organic chemicals / _cKarel Verschueren. |
| 250 | _a3rd ed. | ||
| 260 |
_aNew York : _bVan Nostrand Reinhold, _cc1996. |
||
| 300 |
_avi, 2064 p. : _bill. ; _c26 cm. |
||
| 504 | _aIncludes bibliographical references. | ||
| 500 | _aIncludes index. | ||
| 650 | 0 |
_aOrganic compounds _xEnvironmental aspects _vHandbooks, manuals, etc. |
|
| 700 | 1 | _aVerschueren, Karel. | |
| 907 |
_a.b10004543 _b08-05-12 _c17-04-03 |
||
| 003 | |||
| 005 | 20230120191406.0 | ||
| 040 | _cNUST | ||
| 942 |
_cBOOKS _kREF TD196.073 _mVER |
||
| 999 |
_c100310 _d100310 |
||